| 000 | 00699nam a22002057a 4500 | ||
|---|---|---|---|
| 008 | 130821s1992 ck gr spa | ||
| 040 |
_aCo-BoUCM _bspa |
||
| 041 | 0 | 0 | _aspa |
| 060 |
_aWP 825 _bO76h |
||
| 100 |
_aOsorno, Jairo _9102968 |
||
| 245 | 0 | 0 |
_aHacía una feliz lactancia materna _bTexto práctico para profesionales de la salud _cJairo Osorno |
| 260 |
_aBogotá (Cundinamarca, Colombia) _bGente Nueva _c1992 |
||
| 300 | _a232 páginas | ||
| 490 | _a[Plan nacional de apoyo a la lactancia materna] | ||
| 650 | 0 | 4 |
_aGinecología _9217 |
| 650 | 0 | 4 |
_aLactancia materna _918256 |
| 650 | 0 | 4 |
_aSalud pública _98073 |
| 700 |
_aTít. _957137 |
||
| 942 |
_cLIBRO _a15 _e1 _mO76h _2NLM _hWP 825 _n0 |
||
| 999 |
_c80918 _d80918 |
||